Logika pro humanistiku

Saved in:
Bibliographic Details
Main Authors: Svatek, Jan (Author), Dostálová, Ludmila (Author)
Format: Book
Language:Czech
Published: Dobrá Voda u Pelhřimova : Aleš Čeněk, 2003
Tags: Add Tag
No Tags, Be the first to tag this record!

MARC

LEADER 00000nam a22000003a 4500
001 stu91942
005 20150617225622.0
008 041203s2003----xr------------------cze-d
020 |a 80-86473-54-6 
040 |a STU  |b slo 
041 0 |a cze 
044 |a xr 
080 |a 161/162 
100 1 |a Svatek, Jan  |4 aut 
245 1 |a Logika pro humanistiku 
260 |a Dobrá Voda u Pelhřimova :  |b Aleš Čeněk,  |c 2003 
300 |a 231 s.Tab.,lit 
700 1 |a Dostálová, Ludmila  |4 aut 
996 |b C98153  |c C*98153  |l CCXX  |s P  |a 0  |w stu91942_0001